| 000 | 00428nam a2200169 a 4500 | ||
|---|---|---|---|
| 001 | 0000-8576 | ||
| 003 | ELIB.Books | ||
| 008 | 110520 1981 | ||
| 035 | _a(ELIB.Books)0000-8722 | ||
| 082 |
_a917 _bJen |
||
| 100 | _aJenkins, Peter | ||
| 245 | _aThe Walk West | ||
| 260 |
_bCarmel: Guideposts Associates,Inc. _c1981 |
||
| 650 | _aGeography and History | ||
| 942 |
_2ddc _cBK |
||
| 998 |
_cbat _e2011-05-20 |
||
| 999 |
_c8576 _d8576 |
||